| 000 | 00860cam a22002773a 4500 | ||
|---|---|---|---|
| 001 | 1436 | ||
| 003 | PGUSA | ||
| 005 | 20140828083001.0 | ||
| 008 | 980801s1998||||xxu|||||s|||||000 | eng d | ||
| 040 |
_aPGUSA _beng |
||
| 042 | _adc | ||
| 050 | 4 | _aDT | |
| 100 | 1 |
_aLobo, Jerónimo, _d1596?-1678, -1678 |
|
| 245 | 1 | 2 |
_aA Voyage to Abyssinia _h[electronic resource] / _cJerónimo Lobo |
| 260 |
_bProject Gutenberg, _c1998 |
||
| 506 | _aPublic domain in the USA. | ||
| 516 | _aElectronic text | ||
| 653 | _aEthiopia -- Description and travel -- Early works to 1800 | ||
| 653 | _aLobo, Jerónimo, 1596?-1678 -- Travel -- Ethiopia | ||
| 700 | 1 |
_aJohnson, Samuel, _d1709-1784 |
|
| 700 | 1 |
_aMorley, Henry, _d1822-1894 |
|
| 740 | 0 | _aItinerário. English | |
| 830 | 0 |
_aProject Gutenberg _v1436 |
|
| 856 | 4 | 0 | _uhttp://www.gutenberg.org/ebooks/1436 |
| 942 | _cEB | ||
| 999 |
_c230784 _d230784 |
||